| 000 | 00340nam a2200133Ia 4500 | ||
|---|---|---|---|
| 005 | 20260328101529.0 | ||
| 008 | 260328s9999||||xx |||||||||||||| ||und|| | ||
| 100 | _aRomero, Gustavo | ||
| 245 | 0 |
_aParticipacion en el Planeamiento y Diseño / _cGustavo Romero |
|
| 260 | _bCyted | ||
| 300 | _a231 p. | ||
| 650 | _aDISEÑO URBANO | ||
| 942 | _cBK | ||
| 999 |
_c9903 _d9903 |
||